000 01007nam a2200181Ia 4500
008 151202s9999||||xx |||||||||||||| ||und||
082 _bPNVM-82986
100 _aसंपा- कुलकर्णी गो.म/कुलकर्णी व.दि.
245 _aमराठी वाड्मयाचा इतिहास.खंड सहावा भाग पहिला.
260 _b"महाराष्ट्र साहित्य परिषद,पुणे."
260 _c1988
300 _a665
600 _aसंपा- कुलकर्णी गो.म/कुलकर्णी व.दि.
630 _aमराठी वाड्मयाचा इतिहास.खंड सहावा भाग पहिला.
700 _aसंपा- कुलकर्णी गो.म/कुलकर्णी व.दि.
730 _aमराठी वाड्मयाचा इतिहास.खंड सहावा भाग पहिला.
942 _cBOOK
999 _c1347594
_d1347591